Statistics for Welsh Language Quiz - Negative Reasons

Click here to take the quiz!

General Stats

  • This quiz has been taken 5 times
  • The average score is 13 of 18

Answer Stats

Negative ReasonsTranslations% Correct
BeryglusDangerous
100%
Hen-ffasiwnOld-fashioned
100%
SbwrielRubbish
100%
Wastraff egniWaste of energy
100%
Wastraff arianWaste of money
100%
Wastraff amserWaste of time
100%
CaledHard
80%
DwpStupid
80%
Syniad twpStupid idea
80%
OfnadwyAwful
60%
DdiflasBoring
60%
AnoddDifficult
60%
AmhosiblImpossible
60%
Ddi-bwyntPointless
60%
Rhy heriolToo challenging
60%
Drwg i'r amgylcheddBad for the environment
40%
AfiachUnhealthy
40%
LlafurusTime-consuming
20%

Score Distribution

Percentile by Number Answered

Percent of People with Each Score

Your Score History

You have not taken this quiz